Jammu & Kashmir. (Record no. 331691)

000 -LEADER
fixed length control field 00988cas a22003011 4500
001 - CONTROL NUMBER
control field 11161207
003 - CONTROL NUMBER IDENTIFIER
control field NUST
005 - DATE AND TIME OF LATEST TRANSACTION
control field 20171013120838.0
008 - FIXED-LENGTH DATA ELEMENTS--GENERAL INFORMATION
fixed length control field 741224u19uuuuuuii ar s0 0eng
010 ## - LIBRARY OF CONGRESS CONTROL NUMBER
LC control number sa 68018971
022 ## - INTERNATIONAL STANDARD SERIAL NUMBER
International Standard Serial Number 0449-5594
025 ## - OVERSEAS ACQUISITION NUMBER
Overseas acquisition number PL480:I-E-E-2000
035 ## - SYSTEM CONTROL NUMBER
System control number (OCoLC)ocm01800416
040 ## - CATALOGING SOURCE
Original cataloging agency DLC
Language of cataloging eng
Transcribing agency DLC
Modifying agency OCoLC
-- DLC
-- OCoLC
-- OCLCO
-- OCoLC
042 ## - AUTHENTICATION CODE
Authentication code pcc
043 ## - GEOGRAPHIC AREA CODE
Geographic area code a-ii---
050 00 - LIBRARY OF CONGRESS CALL NUMBER
Classification number DS485.K2
Item number J26
082 ## - DEWEY DECIMAL CLASSIFICATION NUMBER
Classification number 954.913
Author Mark JAM
245 00 - TITLE STATEMENT
Title Jammu & Kashmir.
260 ## - PUBLICATION, DISTRIBUTION, ETC.
Place of publication, distribution, etc. Srinagar,
Name of publisher, distributor, etc. Dept. of Information, Jammu & Kashmir Govt.
Date of publication, distribution, etc. 2004
300 ## - PHYSICAL DESCRIPTION
Other physical details ill.
Dimensions 26 cm.
Extent 56 p.
590 ## - LOCAL NOTE (RLIN)
Local note SERBIB/SERLOC merged record
651 #0 - SUBJECT ADDED ENTRY--GEOGRAPHIC NAME
Geographic name Jammu and Kashmir (India)
9 (RLIN) 5454
710 1# - ADDED ENTRY--CORPORATE NAME
Corporate name or jurisdiction name as entry element Jammu and Kashmir (India).
9 (RLIN) 5454
906 ## - LOCAL DATA ELEMENT F, LDF (RLIN)
a 7
b cbc
c serials
d u
e ncip
f 19
g n-oclcserc
942 ## - ADDED ENTRY ELEMENTS (KOHA)
Source of classification or shelving scheme
Koha item type Book
Holdings
Withdrawn status Lost status Source of classification or shelving scheme Damaged status Not for loan Collection code Permanent Location Current Location Shelving location Date acquired Total Checkouts Full call number Barcode Date last seen Copy number Price effective from Koha item type
            Central Library (CL) Central Library (CL) Book Cart 10/13/2017   954.913 JAM CL2460 10/13/2017 1 10/13/2017 Book
© 2023 Central Library, National University of Sciences and Technology. All Rights Reserved.